| 000 | 00570nam a2200205Ia 4500 | ||
|---|---|---|---|
| 005 | 20260415160356.0 | ||
| 008 | 008 250505s9999 xx 000 0 eng d | ||
| 037 | _aTextual | ||
| 040 |
_aFEDL _beng _cFEDL |
||
| 041 |
_aeng _2eng |
||
| 084 |
_a301.15 MCD _qFEDL |
||
| 100 |
_aMcDougall William _9762 |
||
| 245 | 0 | _aIntroduction to social psychology | |
| 250 | _a28th | ||
| 260 |
_aLondon, UK _bMethuen and Co. Ltd. _c1946 |
||
| 300 | _axxix,524p. | ||
| 650 | _aSociology | ||
| 942 |
_cTEXL _h301.15 MCD |
||
| 999 |
_c1322227 _d1322227 |
||